APEC Schools

True to life / (Record no. 7447)

000 -LEADER
fixed length control field nam a22 7a 4500
005 - DATE AND TIME OF LATEST TRANSACTION
control field 20190531035900.0
008 - FIXED-LENGTH DATA ELEMENTS--GENERAL INFORMATION
fixed length control field 190531b xxu||||| |||| 00| 0 eng d
020 ## - IDENTIFIER FOR THE MANIFESTATION
Identifier for the Manifestation 0521421454
Binding paperback
040 ## - CATALOGING SOURCE
Language of Cataloging eng
Transcribing Agency APEC Schools Library
Description Conventions rda
082 ## - DEWEY DECIMAL CLASSIFICATION NUMBER
Classification number C 428
Author's Number G144t 1995
100 ## - CREATOR
Preferred Name of the Person Gairns, Ruth
245 ## - TITLE AND STATEMENT OF RESPONSIBILITY
Preferred Title Proper True to life /
Statement of Responsibility/Parallel Statement of Responsibility Ruth Gairns
264 ## - PUBLICATION STATEMENT
Place of publication, distribution, etc Cambridge :
Publisher's Name/Parallel Publisher's Name Cambridge University Press,
Copyright ©1995.
300 ## - PHYSICAL DESCRIPTION
Extent 176 pages :
Illustrative Content colored illustrations ;
Dimensions 30 cm.
336 ## - RDA CONTENT
Source rdacontent
Content Type text
337 ## - RDA MEDIA
Source rdamedia
Media Type unmediated
338 ## - RDA CARRIER
Source rdacarrier
Carrier Type volume
650 ## - ADDED SUBJECT ACCESS POINT - TOPICAL TERM
Topical Term English language.
942 ## - ADDED ENTRY ELEMENTS (KOHA)
Source of Classification
Koha Item Type Non Fiction
Holdings
Library Site Location Shelving Location Source of Acquisition Full Classification Number Accession Number Koha Item Type
APEC Doña Juana Library APEC Doña Juana Library Circulation Institutional Fund C 428 G144t 1995 A02-0000160 Non Fiction

Powered by Koha